| 000 | 00566nam a22001937a 4500 | ||
|---|---|---|---|
| 999 |
_c8367 _d8367 |
||
| 003 | AR-CdUCM | ||
| 008 | 190325b ||||| |||| 00| 0 spa d | ||
| 020 | _a950-739-025-1 | ||
| 040 |
_aMUNICIPALIDAD PROVINCIAL DEL CUSCO _cBIBLIOTECA MUNICIPAL DEL CUSCO |
||
| 082 |
_a869.5 / _bP77 |
||
| 100 |
_aPonce de Leon Paiva, Antón _910635 |
||
| 245 | _aY ... el anciano habló / | ||
| 260 |
_aArgentina : _bErrepar, _c1990. |
||
| 300 |
_a102 páginas ; _c19.5 cm. |
||
| 650 |
_aLiteratura peruana _97175 |
||
| 650 |
_aSiglo XX _98 |
||
| 942 |
_2ddc _cLIBROS |
||
| 945 | _aafb | ||